2024年の日本のG1勝ち馬 - Statistics

General Stats
  • This quiz has been taken 5 times
  • The average score is 21 of 39
Answer Stats
Answer % Correct
ペプチドナイル
100%
マッドクール
100%
テーオーロイヤル
80%
ジャンタルマンタル
80%
テンハッピーローズ
80%
ダノンデサイル
80%
ルガル
80%
チェルヴィニア
80%
アーバンシック
80%
ドウデュース
80%
ソウルラッシュ
80%
ドウデュース
80%
レガレイラ
80%
べラジオオペラ
60%
ジャスティンミラノ
60%
チェルヴィニア
60%
ロマンチックウォリアー
60%
ブローザホーン
60%
スタニングローズ
60%
レモンポップ
60%
アルマヴェローチェ
60%
アドマイヤズーム
60%
クロワデュノール
60%
フォーエバーヤング
60%
ステレンボッシュ
40%
イロゴトシ
40%
シャマル
40%
アンモシエラ
40%
ミリアッドラヴ
40%
ライトウォーリア
20%
アマンテビアンコ
20%
ラムジェット
20%
レモンポップ
20%
キングズソード
20%
フォーエバーヤング
20%
レモンポップ
20%
タガノビューティー
20%
ウィルソンテソーロ
20%
ニシノデイジー
20%
No matching quizzes found
Score Distribution
Percent of People with Each Score
Percentile by Number Answered
Your Score History
You have not taken this quiz